Asamiya lipir itihas (Record no. 11026)
[ view plain ]
| 000 -LEADER | |
|---|---|
| fixed length control field | 00463cam a2200181ua 4500 |
| 008 - FIXED-LENGTH DATA ELEMENTS--GENERAL INFORMATION | |
| fixed length control field | 200824n ii |||gr||||Z||||||asm |
| 020 ## - INTERNATIONAL STANDARD BOOK NUMBER | |
| International Standard Book Number | 9789324406347 |
| 040 ## - CATALOGING SOURCE | |
| Transcribing agency | MAIN |
| 082 ## - DEWEY DECIMAL CLASSIFICATION NUMBER | |
| Classification number | 491.451 |
| 100 ## - MAIN ENTRY--PERSONAL NAME | |
| Personal name | Jatin Goswami, |
| Relator term | |
| 245 ## - TITLE STATEMENT | |
| Title | Asamiya lipir itihas |
| Statement of responsibility, etc. | By Jatin Goswami |
| 250 ## - EDITION STATEMENT | |
| Edition statement | 6th ed. |
| 260 ## - PUBLICATION, DISTRIBUTION, ETC. | |
| Place of publication, distribution, etc. | Guwahati: |
| Name of publisher, distributor, etc. | Chandra prakash, |
| Date of publication, distribution, etc. | 2016. |
| 300 ## - PHYSICAL DESCRIPTION | |
| Extent | 92p. |
| 942 ## - ADDED ENTRY ELEMENTS (KOHA) | |
| Koha item type | Books |
| 653 ## - INDEX TERM--UNCONTROLLED | |
| Uncontrolled term | East Indo-European & Celtic languages |
| Withdrawn status | Lost status | Damaged status | Not for loan | Home library | Current library | Shelving location | Date acquired | Total Checkouts | Full call number | Barcode | Date last seen | Date last checked out | Copy number | Price effective from | Koha item type |
|---|---|---|---|---|---|---|---|---|---|---|---|---|---|---|---|
| Central Library, Naharkatiya College | Central Library, Naharkatiya College | General Stacks | 19/09/2020 | 13 | 491.451Assamese language | GOS | 27735 | 29/10/2025 | 08/10/2025 | 2 | 19/09/2020 | Books | ||||
| Central Library, Naharkatiya College | Central Library, Naharkatiya College | General Stacks | 19/09/2020 | 6 | 491.451Assamese language | GOS | 27736 | 11/09/2025 | 26/08/2025 | 1 | 19/09/2020 | Books |
